Neurosecretion /

Bibliographic Details
Main Author: Gabe, Manfred
Format: Book
Language:English
Undetermined
Published: Oxford, New York : Pergamon Press, [1966]
Edition:[1st ed.].
Series:International series of monographs on pure and applied biology ; v. 28.
Subjects:

MARC

Tag First Indicator Second Indicator Subfields
LEADER 00000cam a2200000 4500
001 in00000050776
005 20151007073857.0
008 741216s1966 enka b 00010 eng u
010 |a  65013071  
035 |a (OCoLC)01112115 
035 |9 AAF0543AM 
040 |c MCL  |d TXA  |d UtOrBLW 
041 1 |a eng  |a und 
049 |a TXAM  |c [474859] 
050 0 |a QP363  |b .G313 1966 
082 0 |a 591.14 
092 |a 591.14  |b G112n, 1966 
100 1 |a Gabe, Manfred. 
245 1 0 |a Neurosecretion /  |c by M. Gabe. Translated by R. Crawford. 
250 |a [1st ed.]. 
264 1 |a Oxford,  |a New York :  |b Pergamon Press,  |c [1966] 
300 |a xiv, 872 pages :  |b illustrations ;  |c 24 cm. 
336 |a text  |b txt  |2 rdacontent 
337 |a unmediated  |b n  |2 rdamedia 
338 |a volume  |b nc  |2 rdacarrier 
490 1 |a International series of monographs on pure and applied biology ;  |v v. 28 
504 |a Bibliography: pages 737-831. 
650 0 |a Neurosecretion. 
830 0 |a International series of monographs on pure and applied biology ;  |v v. 28. 
999 |a MARS 
999 f f |s 67335375-dc13-39e8-ac92-937629c31bde  |i 5ecdbb5a-814d-30f5-b0a7-a5304aeee8ab  |t 0 
952 f f |p ric  |a Texas A&M University  |b Rellis Campus  |c Joint Library Facility  |d Remote Storage  |t 0  |e QP363 .G313 1966  |h Library of Congress classification  |i unmediated -- volume  |m A14801005539 
998 f f |a QP363 .G313 1966  |t 0  |l Remote Storage